| 000 | 00501nam a2200169Ia 4500 | ||
|---|---|---|---|
| 999 |
_c19920 _d19920 |
||
| 003 | OSt | ||
| 005 | 20200624114550.0 | ||
| 008 | 190216s9999||||xx |||||||||||||| ||und|| | ||
| 020 | _a195620526 | ||
| 040 | _coclc | ||
| 082 |
_a954.1 _bSIN/P |
||
| 100 |
_aSingh, B P _93171 |
||
| 245 | 4 |
_aThe Problem Of Change : _bA Study of North East India / _c B P Singh |
|
| 260 |
_bOxford University Press, _c1987. _aDelhi: |
||
| 300 | _a222p | ||
| 942 |
_cBK _2ddc _h954.1 _iSIN/P _k954.1 _mSIN/P |
||